Quizzes
Events
Quiz Creation
Community
Videos
Private Events
Remove Ads
Sign In
Join for FREE
Feedback
Dark Mode
Quiz Categories
Sports
Geography
Music
Movies
Television
Just For Fun
Miscellaneous
History
Literature
Language
Science
Gaming
Entertainment
Religion
Holiday
For Kids
Quiz Lab
Recent
Popular Today
Quiz Kudos Today
Editor Picks
Curator Picks
Quizzes by...
Day
Popularity
Type
Ratings
Length
Year
Community
Subscriptions
Recent Discussions
Orange Saloon
Badges
Playlists
Quests
Create
Leaderboards
Showdown
Live 5
Trivia Bingo
Activity
Puzzle Library
Sporcle Events
Private Events
Virtual Trivia
Globe League
Become a Host
Pub Owners
SporcleCon
Opinionation
Our Games
Videos
Blog
Mobile Apps
Partnerships
Remove Ads and Go Orange
Feedback
Music
Pop Music
The Beatles
Song
Album
Lyrics
Bands
Singers
Artist
Clip
Rock
Rap
Classical
Billboard
Country Music
Kpop
Taylor Swift
Music
Pop Music
The Beatles
Song
Album
Lyrics
Bands
Singers
Artist
Clip
Rock
Rap
Classical
Billboard
Country Music
Kpop
Taylor Swift
Random Quiz
Search Sporcle
×
Quiz Lab
Quiz Lab
Music
Song
Type in answers that appear in a list
Type in answers that appear in a list
Classic
Best Score? Go Orange.
Beastie Boys Rhyme With Famous People Stats
Can you fill in the blank with the famous person that the Beastie Boys used to make a rhyme with?
By
the412kid
5m
20 Questions
252 Plays
252 Plays
252 Plays
Comments
Comments
Give Quiz Kudos
Give Quiz Kudos
-
- Ratings
hide this ad
Replay
Link that replays current quiz
Next Quiz
Link to next quiz in quiz playlist
You Got
0%
They Got
Avg Score
44%
Avg Friend Score
Upgrade to see
Score Distribution
Jump to the score distribution portion of the page
Score
0/20
Timer
05:00
0
Plays Today
Lyric
Famous Person
% Correct
My pistol is loaded -
I shot Betty Crocker\Deliver Colonel Sanders down to _
_
_
_
_
_
_
_
_
_
' locker
Davy Jones
85.3%
On the Gong Show we won't get gonged\We're the Beastie Boys not _
_
_
_
_
_
_
_
_
_
_
and _
_
_
_
_
_
_
_
_
_
_
Cheech and Chong
80.2%
MCA with the bottle D rocks the can\Adrock gets nice with _
_
_
_
_
_
_
_
_
_
_
_
_
_
_
_
_
Charlie Chan
62.3%
Tom Thumb Tom Cushman or Tom Foolery\Date women on TV with the help of _
_
_
_
_
_
_
_
_
_
_
_
_
_
_
_
_
_
_
_
_
Chuck Woolery
62.3%
I got a girl in the Castle and one in the pagoda\You know I got rhymes like _
_
_
_
_
_
_
_
_
_
_
_
Abe Vigoda
61.9%
You slip you slack you clock me you lack While\I'm reading On The Road by my man _
_
_
_
_
_
_
_
_
_
_
_
_
_
_
_
_
_
_
_
_
_
Jack Kerouac
60.7%
He knows the time with the fresh Gucci watch\He's even more over than the mayor _
_
_
_
_
_
_
_
_
_
_
_
Ed Koch
54.8%
Sam I am down with the program\Green eggs and ham _
_
_
_
_
_
_
_
_
_
_
_
_
_
_
_
Yosemite Sam
52.8%
_
_
_
_
_
_
_
_
_
_
_
_
_
_
_
_
' Gambler is my gambling theme\Mix Master Mike with the scratch routine
Kenny Rogers
50.4%
You're all mixed up like pasta primavera\Why'd you throw that chair at _
_
_
_
_
_
_
_
_
_
_
_
_
_
_
_
_
_
_
_
_
_
_
Geraldo Rivera
44%
Lyric
Famous Person
% Correct
I've got money like _
_
_
_
_
_
_
_
_
_
_
_
_
_
_
\Got the girlies in the Coupe like the Colonel's got the chickens
Charles Dickens
41.3%
I got rhymes galime, I got rhymes galilla\And I got more rhymes than_
_
_
_
_
_
_
_
_
_
_
_
_
_
_
_
_
Phyllis Diller
40.9%
Parlay romancing into the financing\Opened up a restaurant with _
_
_
_
_
_
_
_
_
_
_
_
_
_
_
_
_
_
_
_
_
_
Ted Danson
38.9%
I'm like Al Goldstein, I'm all about screwing\Leads my team to sixty wins like my man _
_
_
_
_
_
_
_
_
_
_
_
_
_
Pat Ewing
34.1%
Cheese on rye with ham and prosciutto\Got more Louie than _
_
_
_
_
_
_
_
_
_
_
_
_
_
_
_
_
_
_
_
_
_
_
Phil Rizzuto
27.8%
Met a girl at a party and I gave her my card\You know that it said _
_
_
_
_
_
_
_
_
_
_
_
_
_
_
_
_
_
_
_
_
_
_
_
Napoleon Bonaparte
27.8%
Now here's another special of the day\I've got more spice than the _
_
_
_
_
_
_
_
_
_
_
_
_
_
_
_
_
_
_
Frugal Gourmet
23.8%
I've Got Attractions like I'm _
_
_
_
_
_
_
_
_
_
_
_
_
_
_
_
\Adam Yauch grab the mic cause you know you're my mellow
Elvis Costello
18.7%
Goin off the hook like _
_
_
_
_
_
_
_
_
_
_
_
_
_
_
_
_
_
\I've got the ill technique so you know me be well
Latrell Sprewell
14.7%
If you wanna drink call _
_
_
_
_
_
_
_
_
_
_
_
_
_
_
_
_
\Run this rap game like a brigadier
Mr. Belvedere
11.1%
Quiz Playlist
Details
Report
Send in Message
Add To Playlist
Classic:
Type in answers that appear in a list
Last Updated: Feb 16, 2017
Quiz Scoreboard
CHALLENGE
Sign Up to Join the Scoreboard
Show All
Scores
Hide
Comments
May contain spoilers
Recently Published
Movies - When Are They Set?
by FPL_Elf
Movies
5m
Popular People in 1961
by mucciniale
History
6m
1-10 Letter E Words III
by El_Dandy
Language
2m
More to Explore
Quiz From the Vault
Featured Blog Post
Where Did the Easter Bunny Come From?
hide this ad
You Might Also Like...
Tags
Famous Quiz
Song Quiz
Beastie Boys
blank
Boy
Person
Rhyme
Today's Top Quizzes in Music
Browse Music
hide this ad
Today's Top Quizzes in Song
Browse Song
Top Contributed Quizzes in Music
1
Taylor Swift All Songs (2024)
2
2010s Album by Cover III
3
One Thing in Common: Music
4
Guess the Artist- 70s Songs
5
Taylor Swift Logic Puzzle
6
Guess the Taylor Swift song (Mystery Song)
7
2010s Album by Cover IV
8
2010s Album by Cover V
9
KPOP LOGIC QUIZ
10
2010s Album by Cover VI
Explore More
Trending Topics
NBA
Crossword
Harry Potter
Disney
Anime
Kpop
Marvel
The Office
Soccer
Song
Pokémon
WWE
Puzzle
Country
NFL
hide this ad
More By:
the412kid
Quiz
Plays
Rating
Category
Featured
Created
Pittsburgh Steelers Pro Bowlers 1990-2010
2,138
4.38
Sports
Jan 1, 2010
Steelers by Number
968
2.00
Sports
Nov 11, 2009
Pittsburgh Sports Nicknames
665
4.00
Sports
Nov 11, 2009
Pittsburgh Pirates Managers Since 1970
467
Sports
Dec 17, 2009
World History A-Z
403
2.80
History
Jun 30, 2014
Go to Creator's Profile
Score Distribution
Quiz Creator Spotlight
the412kid
Follow
Send a Message
Quizzes Created
-
Created Quiz Play Count
-
More By This Creator
Popular Quizzes Today
1
Find the Countries of Europe - No Outlines Minefield
2
Find the US States - No Outlines Minefield
3
The Countries of the World
4
Popular People in 1961
5
US States
6
1-10 Letter E Words III
7
Find the US States
8
One Thing in Common: World Cities II
More Music Quizzes
Album Cover Close-Up IV
Curator's Pick
Trending Quizzes
Risky Map Clicking: Least Populous States A-Z
1-10 Letter F Words
Humor Books: The Subtitles
1-10 Letter G Words
One Thing in Common: United Kingdom
Recently Updated
Leaping Animals
pecheneg
Reality TV Shows (A-Z)
bhenderson79
Rickey Henderson's Hall of Fame Teammates
pecheneg
Champions League XIs: Arsenal
pecheneg
Quick Pick: Celebrities in WWE's Hall of Fame
aduchscher
A-Z Keypad Blitz II
pecheneg
Multiple Oscar Actors
pecheneg
Mystery Phrase Blitz: Oscar 'Best Actors'
pecheneg
F. Scott Fitzgerald Novels
LTH
Pick 3 Villains
ddd62291
Trending Topics
NBA
Disney
Anime
Marvel
Harry Potter
Crossword
Kpop
WWE
Puzzle
Soccer
Pokémon
Country
Song
The Office
NFL
Your Account Isn't Verified!
In order to create a playlist on Sporcle, you need to verify the email address you used during registration. Go to your
Sporcle Settings
to finish the process.
Report this User
Report this user for behavior that violates our
Community Guidelines
.
Details:
Send Report
Go to the Sporcle.com Mobile Site →
Comments